A nyitott és minimálisan invazív beavatkozások eredményeinek összehasonlítása Crohn-betegségben

Introduction: Crohn's disease is an inflammatory bowel disease which may affect different parts of the gastrointestinal tract. Aim: To compare retrospectively the results of laparotomy and laparoscopic surgery performed in patients with Crohn's disease between January 1, 2005 and October 3...

Teljes leírás

Elmentve itt :
Bibliográfiai részletek
Szerzők: Horváth Gyula
Simonka Zsolt
Lázár György, ifj
Dokumentumtípus: Cikk
Megjelent: Akadémiai Kiadó 2014
Sorozat:ORVOSI HETILAP 155 No. 1
doi:10.1556/OH.2014.29794

mtmt:2489994
Online Access:http://publicatio.bibl.u-szeged.hu/6775
LEADER 02251nab a2200229 i 4500
001 publ6775
005 20190215161041.0
008 160512s2014 hu o 0|| zxx d
022 |a 0030-6002 
024 7 |a 10.1556/OH.2014.29794  |2 doi 
024 7 |a 2489994  |2 mtmt 
040 |a SZTE Publicatio Repozitórium  |b hun 
041 |a zxx 
100 1 |a Horváth Gyula 
245 1 2 |a A nyitott és minimálisan invazív beavatkozások eredményeinek összehasonlítása Crohn-betegségben  |h [elektronikus dokumentum] /  |c  Horváth Gyula 
260 |a Akadémiai Kiadó  |c 2014 
300 |a 24-29 
490 0 |a ORVOSI HETILAP  |v 155 No. 1 
520 3 |a Introduction: Crohn's disease is an inflammatory bowel disease which may affect different parts of the gastrointestinal tract. Aim: To compare retrospectively the results of laparotomy and laparoscopic surgery performed in patients with Crohn's disease between January 1, 2005 and October 31, 2012 in the Department of Surgery, University of Szeged, Hungary. Method: Patients were divided into two groups based on the types of surgery; 103 patients underwent laparotomy and 30 patients had laparoscopic surgery programmed. 22 patients had 24 primary acute interventions. Results: The mean age was significantly lower in the laparoscopic surgery group (p = 0.042). The laparoscopic iliocoecal resections have been found significantly shorter than laparotomies (p = 0.033). When iliocoecal resection was performed the operation time was significantly longer (p = 0.033) while hospitalization time (p = 0.025) and intensive care unit treatment time (p<0.001) were shorter and the bowel passage also started earlier in the laparoscopic group as compared to the laparotomy group. Conclusions: Laparoscopic surgery results in smaller surgical trauma, better cosmetic outcome, shorter hospitalization time and not higher complication- and morbidity-rate as well as shorter operation time in certain cases. However, it requires more qualified surgical team and the operation expenses are higher. Orv. Hetil., 2014, 155(1), 24-29. 
700 0 1 |a Simonka Zsolt  |e aut 
700 0 1 |a Lázár György, ifj.  |e aut 
856 4 0 |u http://publicatio.bibl.u-szeged.hu/6775/1/horvath_nyitott_orv_hetil_2014_jan5_155_1_24_9_u.pdf  |z Dokumentum-elérés